000 007930000a22002410004500
003 LK-CoMWRAF
005 20231206114429.0
008 230817t1999 ||||| |||| 00| 0 eng d
020 _a0850926009
040 _aLK-CoMWRAF
_dLK-CoMWRAF
_eLK-CoMWRAF
041 _aeng
082 _a336.17
_bSEN
100 _aSen, Gita
245 _aGender mainstreaming in finance :
_ba reference manual for governments and other stakeholders
260 _aLondon:
_bCommonwealth Secretariat,
_c1999
300 _a 35 p. ; 30 cm
_bBibliography included
490 _aGender Management System
650 _aGENDER MAINSTREAMING
650 _aFinancial institutions-Commonwealth countries
650 _aWomen in finance- Commonwealth countries
650 _aSex discrimination in employment
942 _cBK
999 _c35
_d35